[Event "Deutsche Ländermeisterschaft 2023"]
[Site "Hannover GER"]
[Date "2023.10.01"]
[Round "2"]
[White "Bosselmann, Tom Linus"]
[Black "Gallasch, Jonas"]
[Result "0-1"]
[Termination "normal"]
[Board "1.2"]
[BlackTitle "FM"]
[WhiteElo "2141"]
[BlackElo "2269"]
[WhiteClock "00:00:38"]
[BlackClock "00:03:54"]
[WhiteTeam "Schleswig-Holstein"]
[BlackTeam "Nordrhein-Westfalen"]
[PlyCount "150"]
[WhiteFideId "12983845"]
[BlackFideId "16222474"]
[EventCountry "GER"]
[EventRounds "7"]
[EventType "team-swiss"]
[EventDate "2023.09.30"]

1. e4 {[%clk 01:30:58]} c6 {[%clk 01:30:55]} {[%emt 00:00:06]} 2. Nc3 {[%clk
01:31:24]} {[%emt 00:00:04]} d5 {[%clk 01:31:20]} {[%emt 00:00:04]} 3. Nf3
{[%clk 01:31:50]} {[%emt 00:00:04]} dxe4 {[%clk 01:31:47]} {[%emt 00:00:04]} 4.
Nxe4 {[%clk 01:32:16]} {[%emt 00:00:05]} Nf6 {[%clk 01:32:12]} {[%emt
00:00:05]} 5. Qe2 {[%clk 01:32:30]} {[%emt 00:00:16]} Nxe4 {[%clk 01:32:32]}
{[%emt 00:00:09]} 6. Qxe4 {[%clk 01:32:55]} {[%emt 00:00:06]} Qa5 {[%clk
01:32:44]} {[%emt 00:00:17]} 7. b4 {[%clk 01:31:56]} {[%emt 00:01:29]} Qf5
{[%clk 01:26:27]} {[%emt 00:06:47]} 8. Bd3 {[%clk 01:18:58]} {[%emt 00:13:28]}
Qxe4+ {[%clk 01:13:46]} {[%emt 00:13:11]} 9. Bxe4 {[%clk 01:19:26]} {[%emt
00:00:03]} Nd7 {[%clk 01:14:07]} {[%emt 00:00:09]} 10. d4 {[%clk 01:14:03]}
{[%emt 00:05:52]} a5 {[%clk 01:01:04]} {[%emt 00:13:33]} 11. bxa5 {[%clk
01:04:52]} {[%emt 00:09:41]} Rxa5 {[%clk 01:01:08]} {[%emt 00:00:26]} 12. Bd2
{[%clk 01:04:42]} {[%emt 00:00:40]} Ra4 {[%clk 01:00:24]} {[%emt 00:01:14]} 13.
Bd3 {[%clk 01:01:59]} {[%emt 00:03:12]} e6 {[%clk 00:55:42]} {[%emt 00:05:12]}
14. Ke2 {[%clk 00:57:39]} {[%emt 00:04:50]} Be7 {[%clk 00:54:28]} {[%emt
00:01:44]} 15. c3 {[%clk 00:35:49]} {[%emt 00:22:20]} O-O {[%clk 00:53:36]}
{[%emt 00:01:22]} 16. Ne5 {[%clk 00:33:57]} {[%emt 00:02:22]} Nxe5 {[%clk
00:39:08]} {[%emt 00:14:58]} 17. dxe5 {[%clk 00:34:04]} {[%emt 00:00:23]} Bd7
{[%clk 00:39:24]} {[%emt 00:00:14]} 18. Rhb1 {[%clk 00:30:34]} {[%emt
00:04:00]} b5 {[%clk 00:39:31]} {[%emt 00:00:23]} 19. Be3 {[%clk 00:23:04]}
{[%emt 00:08:00]} Rfa8 {[%clk 00:39:05]} {[%emt 00:00:56]} 20. Rb2 {[%clk
00:23:25]} {[%emt 00:00:09]} Ra3 {[%clk 00:36:58]} {[%emt 00:02:36]} 21. Rc2
{[%clk 00:21:38]} {[%emt 00:02:17]} R3a4 {[%clk 00:25:09]} {[%emt 00:12:20]}
22. Rd2 {[%clk 00:21:07]} {[%emt 00:01:01]} Be8 {[%clk 00:25:09]} {[%emt
00:00:30]} 23. Rb2 {[%clk 00:20:10]} {[%emt 00:01:27]} f6 {[%clk 00:23:53]}
{[%emt 00:01:46]} 24. Bd4 {[%clk 00:15:54]} {[%emt 00:04:46]} c5 {[%clk
00:12:48]} {[%emt 00:11:35]} 25. Be3 {[%clk 00:15:48]} {[%emt 00:00:36]} R8a5
{[%clk 00:12:04]} {[%emt 00:01:14]} 26. exf6 {[%clk 00:13:34]} {[%emt
00:02:44]} Bxf6 {[%clk 00:11:31]} {[%emt 00:01:03]} 27. Rc2 {[%clk 00:13:31]}
{[%emt 00:00:33]} c4 {[%clk 00:09:39]} {[%emt 00:02:22]} 28. Be4 {[%clk
00:14:00]} {[%emt 00:00:01]} Ra3 {[%clk 00:09:25]} {[%emt 00:00:44]} 29. Kd2
{[%clk 00:13:34]} {[%emt 00:00:56]} b4 {[%clk 00:06:14]} {[%emt 00:03:41]} 30.
cxb4 {[%clk 00:13:46]} {[%emt 00:00:18]} R5a4 {[%clk 00:06:37]} {[%emt
00:00:06]} 31. Rb1 {[%clk 00:12:47]} {[%emt 00:01:30]} Bb5 {[%clk 00:07:05]}
{[%emt 00:00:02]} 32. Bc5 {[%clk 00:10:23]} {[%emt 00:02:53]} Rxa2 {[%clk
00:06:09]} {[%emt 00:01:26]} 33. Rxa2 {[%clk 00:09:15]} {[%emt 00:01:39]} Rxa2+
{[%clk 00:06:35]} {[%emt 00:00:04]} 34. Ke3 {[%clk 00:09:01]} {[%emt 00:00:43]}
Bg5+ {[%clk 00:01:23]} {[%emt 00:05:43]} 35. Kd4 {[%clk 00:09:12]} {[%emt
00:00:20]} Re2 {[%clk 00:00:38]} {[%emt 00:01:16]} 36. Bd6 {[%clk 00:08:34]}
{[%emt 00:01:07]} c3 {[%clk 00:00:38]} {[%emt 00:00:31]} 37. Ra1 {[%clk
00:07:36]} {[%emt 00:01:27]} Bf6+ {[%clk 00:00:35]} {[%emt 00:00:32]} 38. Kc5
{[%clk 00:08:00]} {[%emt 00:00:06]} Rxe4 {[%clk 00:00:59]} {[%emt 00:00:07]}
39. Kxb5 {[%clk 00:08:02]} {[%emt 00:00:27]} c2 {[%clk 00:00:39]} {[%emt
00:00:49]} 40. Ra8+ {[%clk 00:05:12]} {[%emt 00:03:20]} Kf7 {[%clk 00:01:08]}
41. Rf8+ {[%clk 00:00:34]} {[%emt 00:05:08]} Kg6 {[%clk 00:01:33]} {[%emt
00:00:06]} 42. Rc8 {[%clk 00:00:57]} {[%emt 00:00:08]} Rd4 {[%clk 00:24:39]}
{[%emt 00:07:24]} 43. Bg3 {[%clk 00:24:04]} {[%emt 00:07:23]} Rd2 {[%clk
00:25:04]} {[%emt 00:00:05]} 44. Bf4 {[%clk 00:20:26]} {[%emt 00:04:07]} Rxf2
{[%clk 00:24:00]} {[%emt 00:01:34]} 45. Bc1 {[%clk 00:17:49]} {[%emt 00:03:07]}
Bd4 {[%clk 00:19:48]} {[%emt 00:04:41]} 46. Rc6 {[%clk 00:08:16]} {[%emt
00:10:04]} Kf5 {[%clk 00:17:10]} {[%emt 00:03:08]} 47. Kc4 {[%clk 00:07:37]}
{[%emt 00:01:09]} e5 {[%clk 00:16:27]} {[%emt 00:01:13]} 48. Kd3 {[%clk
00:07:00]} {[%emt 00:01:07]} Rxg2 {[%clk 00:15:49]} {[%emt 00:01:08]} 49. b5
{[%clk 00:06:48]} {[%emt 00:00:41]} Rg6 {[%clk 00:14:17]} {[%emt 00:02:02]} 50.
Rxg6 {[%clk 00:05:17]} {[%emt 00:02:01]} Kxg6 {[%clk 00:13:07]} {[%emt
00:01:40]} 51. Kxc2 {[%clk 00:05:37]} {[%emt 00:00:10]} Kf5 {[%clk 00:13:33]}
{[%emt 00:00:04]} 52. Kd3 {[%clk 00:05:15]} {[%emt 00:00:51]} Bb6 {[%clk
00:13:42]} {[%emt 00:00:22]} 53. Be3 {[%clk 00:04:51]} {[%emt 00:00:55]} e4+
{[%clk 00:10:45]} {[%emt 00:03:26]} 54. Ke2 {[%clk 00:05:02]} {[%emt 00:00:19]}
Bc7 {[%clk 00:10:46]} {[%emt 00:00:30]} 55. h3 {[%clk 00:04:29]} {[%emt
00:01:03]} Bb8 {[%clk 00:10:24]} {[%emt 00:00:52]} 56. b6 {[%clk 00:03:52]}
{[%emt 00:01:06]} g5 {[%clk 00:10:06]} {[%emt 00:00:48]} 57. Bc5 {[%clk
00:04:07]} {[%emt 00:00:15]} h5 {[%clk 00:09:50]} {[%emt 00:00:46]} 58. Be7
{[%clk 00:04:30]} {[%emt 00:00:07]} Bf4 {[%clk 00:08:42]} {[%emt 00:01:38]} 59.
Bd8 {[%clk 00:04:33]} {[%emt 00:00:28]} Ke6 {[%clk 00:08:59]} {[%emt 00:00:14]}
60. h4 {[%clk 00:03:34]} {[%emt 00:01:30]} g4 {[%clk 00:05:01]} {[%emt
00:04:27]} 61. b7 {[%clk 00:01:53]} {[%emt 00:02:10]} Kf5 {[%clk 00:04:36]}
{[%emt 00:00:56]} 62. Bb6 {[%clk 00:00:54]} {[%emt 00:01:29]} Bb8 {[%clk
00:05:02]} {[%emt 00:00:04]} 63. Kf2 {[%clk 00:01:08]} {[%emt 00:00:15]} Ke5
{[%clk 00:03:58]} {[%emt 00:01:32]} 64. Ke3 {[%clk 00:00:38]} {[%emt 00:01:03]}
Kf5 {[%clk 00:02:46]} {[%emt 00:01:42]} 65. Bc5 {[%clk 00:01:00]} {[%emt
00:00:07]} g3 {[%clk 00:01:58]} {[%emt 00:01:19]} 66. Bb6 {[%clk 00:01:11]}
{[%emt 00:00:19]} Bf4+ {[%clk 00:01:48]} {[%emt 00:00:40]} 67. Ke2 {[%clk
00:01:35]} {[%emt 00:00:06]} Kg4 {[%clk 00:02:16]} {[%emt 00:00:02]} 68. Ba7
{[%clk 00:01:03]} {[%emt 00:01:01]} Kxh4 {[%clk 00:02:16]} {[%emt 00:00:31]}
69. b8=Q {[%clk 00:01:27]} {[%emt 00:00:07]} Bxb8 {[%clk 00:02:43]} {[%emt
00:00:03]} 70. Bxb8 {[%clk 00:01:49]} {[%emt 00:00:07]} Kg4 {[%clk 00:03:11]}
{[%emt 00:00:01]} 71. Kf1 {[%clk 00:00:46]} {[%emt 00:01:33]} Kf3 {[%clk
00:03:17]} {[%emt 00:00:25]} 72. Bc7 {[%clk 00:00:32]} {[%emt 00:00:44]} h4
{[%clk 00:03:43]} {[%emt 00:00:04]} 73. Kg1 {[%clk 00:00:43]} {[%emt 00:00:20]}
h3 {[%clk 00:04:08]} {[%emt 00:00:04]} 74. Bb6 {[%clk 00:00:41]} {[%emt
00:00:33]} e3 {[%clk 00:04:05]} {[%emt 00:00:33]} 75. Bc5 {[%clk 00:00:38]}
{[%emt 00:00:33]} e2 {[%clk 00:03:54]} {[%emt 00:00:41]} 0-1

[Event "Deutsche Ländermeisterschaft 2023"]
[Site "Hannover GER"]
[Date "2023.10.01"]
[Round "2"]
[White "Spriestersbach, Kai"]
[Black "Malinowsky, Levi"]
[Result "1/2-1/2"]
[Termination "normal"]
[Board "1.3"]
[WhiteElo "2158"]
[BlackElo "2151"]
[WhiteClock "00:05:05"]
[BlackClock "00:02:52"]
[WhiteTeam "Nordrhein-Westfalen"]
[BlackTeam "Schleswig-Holstein"]
[PlyCount "106"]
[WhiteFideId "16269985"]
[BlackFideId "16253094"]
[EventCountry "GER"]
[EventRounds "7"]
[EventType "team-swiss"]
[EventDate "2023.09.30"]

1. Nf3 {[%clk 01:30:54]} {[%emt 00:00:03]} Nf6 {[%clk 01:30:26]} {[%emt
00:00:36]} 2. c4 {[%clk 01:31:18]} {[%emt 00:00:06]} g6 {[%clk 01:30:02]}
{[%emt 00:00:54]} 3. Nc3 {[%clk 01:31:42]} {[%emt 00:00:05]} Bg7 {[%clk
01:28:53]} {[%emt 00:01:40]} 4. e4 {[%clk 01:28:18]} {[%emt 00:03:53]} d6
{[%clk 01:28:19]} {[%emt 00:01:04]} 5. d4 {[%clk 01:28:42]} {[%emt 00:00:06]}
O-O {[%clk 01:25:56]} {[%emt 00:02:54]} 6. Be2 {[%clk 01:28:30]} {[%emt
00:00:41]} e5 {[%clk 01:22:38]} {[%emt 00:03:48]} 7. O-O {[%clk 01:24:28]}
{[%emt 00:04:32]} Nc6 {[%clk 01:19:56]} {[%emt 00:03:12]} 8. d5 {[%clk
01:24:53]} {[%emt 00:00:05]} Ne7 {[%clk 01:20:08]} {[%emt 00:00:17]} 9. b4
{[%clk 01:22:27]} {[%emt 00:02:56]} a5 {[%clk 01:14:06]} {[%emt 00:06:33]} 10.
Ba3 {[%clk 01:15:53]} {[%emt 00:07:04]} b6 {[%clk 01:08:49]} {[%emt 00:05:47]}
11. bxa5 {[%clk 01:15:34]} {[%emt 00:00:49]} Rxa5 {[%clk 01:09:06]} {[%emt
00:00:13]} 12. Bb4 {[%clk 01:15:53]} {[%emt 00:00:11]} Ra8 {[%clk 01:08:42]}
{[%emt 00:00:55]} 13. a4 {[%clk 01:12:20]} {[%emt 00:04:02]} Nd7 {[%clk
00:58:24]} {[%emt 00:10:48]} 14. a5 {[%clk 01:05:21]} {[%emt 00:07:28]} bxa5
{[%clk 00:57:45]} {[%emt 00:01:10]} 15. Bxa5 {[%clk 01:05:32]} {[%emt
00:00:19]} Nc5 {[%emt 00:24:32]} 16. Qc2 {[%clk 00:43:46]} {[%emt 00:06:46]}
Bd7 {[%clk 00:42:02]} {[%emt 00:07:41]} 17. Nd2 {[%clk 00:42:12]} {[%emt
00:02:04]} f5 {[%clk 00:37:00]} {[%emt 00:05:32]} 18. Bd3 {[%clk 00:37:09]}
{[%emt 00:05:33]} Ra7 {[%clk 00:26:16]} {[%emt 00:11:15]} 19. Bb4 {[%clk
00:29:43]} {[%emt 00:07:55]} Qa8 {[%clk 00:25:53]} {[%emt 00:00:54]} 20. Rab1
{[%clk 00:24:52]} {[%emt 00:05:21]} Nxd3 {[%clk 00:25:14]} {[%emt 00:01:09]}
21. Qxd3 {[%clk 00:25:15]} {[%emt 00:00:07]} fxe4 {[%clk 00:24:26]} {[%emt
00:01:18]} 22. Ndxe4 {[%clk 00:24:52]} {[%emt 00:00:53]} Nf5 {[%clk 00:18:53]}
{[%emt 00:06:04]} 23. c5 {[%clk 00:24:25]} {[%emt 00:00:56]} Ra6 {[%clk
00:17:23]} {[%emt 00:01:59]} 24. c6 {[%clk 00:16:16]} {[%emt 00:08:40]} Bc8
{[%clk 00:16:16]} {[%emt 00:01:37]} 25. Nb5 {[%clk 00:16:39]} {[%emt 00:00:06]}
Rf7 {[%clk 00:15:48]} {[%emt 00:00:59]} 26. Bc3 {[%clk 00:16:26]} {[%emt
00:00:43]} h6 {[%clk 00:13:08]} {[%emt 00:03:11]} 27. Rb3 {[%clk 00:14:56]}
{[%emt 00:02:00]} Kh7 {[%clk 00:12:09]} {[%emt 00:01:28]} 28. Rfb1 {[%clk
00:13:04]} {[%emt 00:02:22]} Ra4 {[%clk 00:10:11]} {[%emt 00:02:28]} 29. Rb4
{[%clk 00:09:22]} {[%emt 00:04:11]} Rxb4 {[%clk 00:10:24]} {[%emt 00:00:18]}
30. Rxb4 {[%clk 00:08:56]} {[%emt 00:00:56]} Ba6 {[%clk 00:08:09]} {[%emt
00:02:45]} 31. Qb1 {[%clk 00:06:39]} {[%emt 00:02:46]} Bxb5 {[%clk 00:06:44]}
{[%emt 00:01:56]} 32. Rxb5 {[%clk 00:07:08]} {[%emt 00:00:01]} Nd4 {[%clk
00:06:36]} {[%emt 00:00:37]} 33. Rb2 {[%clk 00:04:24]} {[%emt 00:03:15]} Qa6
{[%clk 00:05:23]} {[%emt 00:01:44]} 34. Qf1 {[%clk 00:04:03]} {[%emt 00:00:50]}
Qa4 {[%clk 00:05:01]} {[%emt 00:00:52]} 35. Qd3 {[%clk 00:03:51]} {[%emt
00:00:42]} Rf4 {[%clk 00:02:24]} {[%emt 00:03:08]} 36. Bxd4 {[%clk 00:02:49]}
{[%emt 00:01:32]} Rxe4 {[%clk 00:02:12]} {[%emt 00:00:42]} 37. Be3 {[%clk
00:02:47]} {[%emt 00:00:32]} Rc4 {[%clk 00:01:52]} {[%emt 00:00:50]} 38. Rb1
{[%clk 00:02:17]} {[%emt 00:01:00]} e4 {[%clk 00:01:14]} {[%emt 00:01:09]} 39.
Qb3 {[%clk 00:02:36]} {[%emt 00:00:10]} Qa6 {[%clk 00:01:00]} {[%emt 00:00:45]}
40. g3 {[%clk 00:01:59]} {[%emt 00:01:07]} Rc3 {[%clk 00:00:47]} {[%emt
00:00:43]} 41. Qb5 {[%clk 00:24:59]} {[%emt 00:07:29]} Qa2 {[%clk 00:27:27]}
{[%emt 00:03:49]} 42. Rd1 {[%clk 00:22:21]} {[%emt 00:03:07]} Qa3 {[%clk
00:22:06]} {[%emt 00:05:52]} 43. Qe2 {[%clk 00:20:14]} {[%emt 00:02:37]} Rd3
{[%clk 00:21:30]} {[%emt 00:01:07]} 44. Qg4 {[%clk 00:12:20]} {[%emt 00:08:23]}
Qa5 {[%clk 00:13:45]} {[%emt 00:08:15]} 45. Rb1 {[%clk 00:08:09]} {[%emt
00:04:41]} Qxd5 {[%clk 00:11:50]} {[%emt 00:02:26]} 46. Qd7 {[%clk 00:07:48]}
{[%emt 00:00:51]} Qa5 {[%clk 00:08:06]} {[%emt 00:04:15]} 47. Qe7 {[%clk
00:07:22]} {[%emt 00:00:55]} Qa2 {[%clk 00:03:57]} {[%emt 00:04:40]} 48. Rc1
{[%clk 00:06:09]} {[%emt 00:01:43]} Qd5 {[%clk 00:00:48]} {[%emt 00:03:38]} 49.
Qxc7 {[%clk 00:04:16]} {[%emt 00:02:23]} Rd1+ {[%clk 00:01:10]} {[%emt
00:00:08]} 50. Rxd1 {[%clk 00:03:48]} {[%emt 00:00:58]} Qxd1+ {[%clk 00:01:36]}
{[%emt 00:00:05]} 51. Kg2 {[%clk 00:04:13]} {[%emt 00:00:04]} Qf3+ {[%clk
00:02:01]} {[%emt 00:00:06]} 52. Kg1 {[%clk 00:04:39]} {[%emt 00:00:04]} Qd1+
{[%clk 00:02:27]} {[%emt 00:00:04]} 53. Kg2 {[%clk 00:05:05]} {[%emt 00:00:04]}
Qf3+ {[%clk 00:02:52]} {[%emt 00:00:05]} 1/2-1/2

[Event "Deutsche Ländermeisterschaft 2023"]
[Site "Hannover GER"]
[Date "2023.10.01"]
[Round "2"]
[White "Sommer, Justus"]
[Black "Möller, Maurin"]
[Result "1/2-1/2"]
[Termination "normal"]
[Board "1.4"]
[WhiteElo "2041"]
[BlackElo "2132"]
[WhiteClock "00:35:15"]
[BlackClock "01:10:20"]
[WhiteTeam "Schleswig-Holstein"]
[BlackTeam "Nordrhein-Westfalen"]
[PlyCount "59"]
[WhiteFideId "16245008"]
[BlackFideId "16265696"]
[EventCountry "GER"]
[EventRounds "7"]
[EventType "team-swiss"]
[EventDate "2023.09.30"]

1. e4 {[%clk 01:30:55]} {[%emt 00:00:04]} c5 {[%clk 01:30:52]} {[%emt
00:00:10]} 2. Nf3 {[%clk 01:31:14]} {[%emt 00:00:09]} Nc6 {[%clk 01:31:09]}
{[%emt 00:00:15]} 3. d4 {[%clk 01:30:35]} {[%emt 00:01:08]} cxd4 {[%clk
01:30:45]} {[%emt 00:00:56]} 4. Nxd4 {[%clk 01:30:56]} {[%emt 00:00:08]} Nf6
{[%clk 01:30:30]} {[%emt 00:00:46]} 5. Nc3 {[%clk 01:30:22]} {[%emt 00:01:02]}
e6 {[%clk 01:30:55]} {[%emt 00:00:05]} 6. Ndb5 {[%clk 01:29:00]} {[%emt
00:01:52]} Bb4 {[%clk 01:31:17]} {[%emt 00:00:09]} 7. a3 {[%clk 01:29:04]}
{[%emt 00:00:24]} Bxc3+ {[%clk 01:31:44]} {[%emt 00:00:04]} 8. Nxc3 {[%clk
01:29:27]} {[%emt 00:00:06]} d5 {[%clk 01:32:11]} {[%emt 00:00:04]} 9. exd5
{[%clk 01:28:59]} {[%emt 00:00:58]} exd5 {[%clk 01:32:37]} {[%emt 00:00:05]}
10. Bd3 {[%clk 01:28:34]} {[%emt 00:00:54]} O-O {[%clk 01:33:02]} {[%emt
00:00:06]} 11. O-O {[%clk 01:28:48]} {[%emt 00:00:14]} Bg4 {[%clk 01:33:28]}
{[%emt 00:00:06]} 12. f3 {[%clk 01:28:37]} {[%emt 00:00:40]} Bh5 {[%clk
01:33:53]} {[%emt 00:00:05]} 13. Bg5 {[%clk 01:26:57]} {[%emt 00:02:07]} Qb6+
{[%clk 01:34:19]} {[%emt 00:00:07]} 14. Kh1 {[%clk 01:27:20]} {[%emt 00:00:06]}
Ne4 {[%clk 01:34:46]} {[%emt 00:00:04]} 15. Nxe4 {[%clk 01:27:23]} {[%emt
00:00:27]} dxe4 {[%clk 01:35:11]} {[%emt 00:00:05]} 16. Bxe4 {[%clk 01:27:44]}
{[%emt 00:00:08]} Qxb2 {[%clk 01:35:39]} {[%emt 00:00:04]} 17. Qb1 {[%clk
01:27:29]} {[%emt 00:00:44]} Qxb1 {[%clk 01:36:01]} {[%emt 00:00:08]} 18. Raxb1
{[%clk 01:24:54]} {[%emt 00:03:05]} Bg6 {[%clk 01:36:06]} {[%emt 00:00:26]} 19.
Bxg6 {[%clk 01:25:04]} {[%emt 00:00:19]} hxg6 {[%clk 01:36:31]} {[%emt
00:00:06]} 20. Rxb7 {[%clk 01:25:24]} {[%emt 00:00:10]} Rfc8 {[%clk 01:34:44]}
{[%emt 00:02:18]} 21. Be3 {[%clk 01:10:55]} {[%emt 00:14:57]} Na5 {[%clk
01:28:45]} {[%emt 00:06:30]} 22. Rxa7 {[%clk 01:09:25]} {[%emt 00:02:00]} Rxa7
{[%clk 01:29:11]} {[%emt 00:00:04]} 23. Bxa7 {[%clk 01:09:48]} {[%emt
00:00:07]} Rxc2 {[%clk 01:29:39]} {[%emt 00:00:03]} 24. Ra1 {[%clk 00:58:05]}
{[%emt 00:12:11]} Nb3 {[%clk 01:24:58]} {[%emt 00:05:12]} 25. Rb1 {[%clk
00:57:03]} {[%emt 00:01:31]} Nd2 {[%clk 01:25:25]} {[%emt 00:00:04]} 26. Rb8+
{[%clk 00:43:49]} {[%emt 00:13:44]} Kh7 {[%clk 01:25:49]} {[%emt 00:00:05]} 27.
h3 {[%clk 00:43:08]} {[%emt 00:01:11]} Ra2 {[%clk 01:11:09]} {[%emt 00:15:11]}
28. Bc5 {[%clk 00:40:47]} {[%emt 00:02:50]} g5 {[%clk 01:10:37]} {[%emt
00:01:03]} 29. Bb4 {[%clk 00:36:26]} {[%emt 00:04:51]} Nc4 {[%clk 01:10:20]}
{[%emt 00:00:48]} 30. Re8 {[%clk 00:35:15]} {[%emt 00:01:40]} 1/2-1/2